20 największych miast w Hiszpanii - Statystyki

Ogólne statystyki
  • Ten quiz został rozwiązany 49 razy
  • Średni wynik to 9 z 20
Statystyki odpowiedzi
Liczba ludności Miasto % Poprawnych
3.284.110 Madryt
100%
1.605.602 Barcelona
98%
852.304 Walencja
87%
353.950 Bilbao
84%
704.114 Sewilla
82%
535.686 Malaga
64%
620.419 Saragossa
60%
293.725 Vigo
53%
377.888 Murcja
31%
358.462 Palma
31%
288.481 Alicante
29%
370.649 Las Palmas
29%
318.576 Valladolid
29%
270.211 Gijón
24%
240.522 Grenada
24%
314.805 Kordoba
24%
242.458 A Coruña
22%
227.568 Vitoria
11%
248.150 L’Hospitalet de Llobregat
2%
217.415 Santa Cruz de Tenerife
2%
Nie znaleziono quizów pasujących do podanych kryteriów
Rozkład punktacji
Procent ludzi z każdym wynikiem
Percentyl według liczby udzielonych odpowiedzi
Twoja historia wyników
Nie rozwiązałeś tego quizu